[Event "2. Bundesliga Ost 2015/2016"]
[Site "Wien"]
[Date "2015.10.18"]
[Round "2"]
[Board "5"]
[White "Wagner, Stefan"]
[Black "Batyte, Daiva"]
[Result "0-1"]
[WhiteElo "2145"]
[BlackElo "2107"]
[PlyCount "116"]
[EventDate "2015.10.17"]
[EventType "team"]
[EventRounds "11"]
[EventCountry "AUT"]
[WhiteTeam "SK Hietzing"]
[BlackTeam "SV Stockerau"]

1. c4 e6 2. g3 d5 3. Bg2 Nf6 4. Nf3 c5 5. O-O Nc6 6. cxd5 exd5 7. d4 c4 8. b3
cxb3 9. axb3 Be7 10. Ba3 O-O 11. Ne5 Bxa3 12. Nxc6 bxc6 13. Rxa3 Bf5 14. Nc3
Qe7 15. Qa1 h5 16. e3 Rfc8 17. Rc1 Rc7 18. Na4 Re8 19. Nc5 h4 20. Na6 Rcc8 21.
Nc5 hxg3 22. hxg3 Rc7 23. b4 Ng4 24. Na6 Rcc8 25. Nc5 Rc7 26. Na6 Rcc8 27. Nc5
Rc7 28. b5 cxb5 29. Bxd5 Qd6 30. Bg2 Qh6 31. Qa2 b4 32. Rb3 Be6 33. d5 Qh2+ 34.
Kf1 Bf5 35. Qd2 Rec8 36. Qxb4 Qh6 37. Rbc3 Qf6 38. Qf4 Ne5 39. e4 Nd3 40. Rxd3
Rxc5 41. Rcd1 Bd7 42. e5 Qxf4 43. gxf4 Bb5 44. Be4 g6 45. Kg2 Bxd3 46. Rxd3 a5
47. f5 gxf5 48. Bxf5 Rd8 49. Be4 a4 50. f4 Rb8 51. d6 Kf8 52. Bd5 a3 53. d7 Rd8
54. e6 a2 55. Bxa2 Rc2+ 56. Kf3 Rxa2 57. f5 fxe6 58. fxe6 Ke7 0-1

[Event "2. Bundesliga Ost 2015/2016"]
[Site "Wien"]
[Date "2015.10.18"]
[Round "2"]
[Board "6"]
[White "Pernerstorfer, Johannes"]
[Black "Stadler, Peter"]
[Result "0-1"]
[WhiteElo "1997"]
[BlackElo "2142"]
[PlyCount "76"]
[EventDate "2015.10.17"]
[EventType "team"]
[EventRounds "11"]
[EventCountry "AUT"]
[WhiteTeam "SV Stockerau"]
[BlackTeam "SK Hietzing"]

1. e4 c5 2. Nf3 e6 3. d4 cxd4 4. Nxd4 Nf6 5. Bd3 Nc6 6. Nxc6 bxc6 7. O-O e5 8.
c4 d6 9. Nc3 Be7 10. Qe2 O-O 11. h3 Be6 12. b3 Qc7 13. Bb2 Nd7 14. Rad1 g6 15.
f4 f5 16. fxe5 dxe5 17. Bb1 f4 18. Kh1 Nf6 19. Qf3 g5 20. Ne2 g4 21. Qc3 gxh3
22. gxh3 Nh5 23. Rf3 Bf6 24. c5 Rad8 25. Bd3 Kf7 26. Rdf1 Ke7 27. Bc4 Qc8 28.
Kh2 Bxc4 29. Qxc4 Qe6 30. Qc2 Rd7 31. Bc3 Bh4 32. Be1 Bxe1 33. Rxe1 Rfd8 34.
Qc3 Rd2 35. Kg1 Kf7 36. Rf2 R2d3 37. Qc2 Qxh3 38. Rh2 Rg8+ 0-1

[Event "2. Bundesliga Ost 2015/2016"]
[Site "Wien"]
[Date "2015.10.18"]
[Round "2"]
[Board "1"]
[White "Baumegger, Siegfried"]
[Black "Szabo, Krisztian"]
[Result "1/2-1/2"]
[WhiteElo "2466"]
[BlackElo "2513"]
[PlyCount "46"]
[EventDate "2015.10.17"]
[EventType "team"]
[EventRounds "11"]
[EventCountry "AUT"]
[WhiteTeam "tschaturanga"]
[BlackTeam "ASVOE Mattersburg"]

1. d4 Nf6 2. c4 g6 3. Nc3 Bg7 4. e4 d6 5. Nf3 O-O 6. Be2 e5 7. dxe5 dxe5 8.
Qxd8 Rxd8 9. Bg5 Re8 10. Nd5 Nxd5 11. cxd5 c6 12. Bc4 cxd5 13. Bxd5 Nd7 14. O-O
h6 15. Bh4 Nf6 16. Bxf6 Bxf6 17. Rac1 Bd8 18. Nd2 Rb8 19. Nc4 Bc7 20. Ne3 Bb6
21. Nc4 Bc7 22. Ne3 Bb6 23. Nc4 Bc7 1/2-1/2

[Event "2. Bundesliga Ost 2015/2016"]
[Site "Wien"]
[Date "2015.10.18"]
[Round "2"]
[Board "2"]
[White "Petran, Peter"]
[Black "Wukits, Rene"]
[Result "1-0"]
[WhiteElo "2360"]
[BlackElo "2333"]
[PlyCount "55"]
[EventDate "2015.10.17"]
[EventType "team"]
[EventRounds "11"]
[EventCountry "AUT"]
[WhiteTeam "ASVOE Mattersburg"]
[BlackTeam "tschaturanga"]

1. g3 d5 2. Bg2 c6 3. d3 Nf6 4. Nd2 e5 5. e4 Bg4 6. Ngf3 dxe4 7. dxe4 Nbd7 8.
O-O Bc5 9. c3 a5 10. Qc2 O-O 11. Nc4 Re8 12. Ne3 Bh5 13. h3 Qc7 14. Re1 Rad8
15. a3 Ra8 16. b3 Bf8 17. Nd2 Nc5 18. Bf1 Red8 19. Rb1 Rxd2 20. Bxd2 Nfxe4 21.
b4 Rd8 22. Bc1 Ng5 23. Be2 Bxe2 24. Qxe2 Nce6 25. Nd1 Nxh3+ 26. Kg2 Neg5 27.
Bxg5 Nxg5 28. Qxe5 1-0

[Event "2. Bundesliga Ost 2015/2016"]
[Site "Wien"]
[Date "2015.10.18"]
[Round "2"]
[Board "3"]
[White "Matt, Fabian"]
[Black "Brod, Manfred"]
[Result "1-0"]
[WhiteElo "2276"]
[BlackElo "2259"]
[PlyCount "57"]
[EventDate "2015.10.17"]
[EventType "team"]
[EventRounds "11"]
[EventCountry "AUT"]
[WhiteTeam "tschaturanga"]
[BlackTeam "ASVOE Mattersburg"]

1. Nf3 c5 2. e4 g6 3. d4 cxd4 4. Nxd4 Nc6 5. c4 Nf6 6. Nc3 d6 7. Be2 Nxd4 8.
Qxd4 Bg7 9. Be3 O-O 10. Qd2 Be6 11. O-O Qa5 12. Rac1 Rfc8 13. b3 a6 14. a4 b5
15. axb5 axb5 16. cxb5 Bxb3 17. b6 Rab8 18. Nd5 Qxd2 19. Nxf6+ Bxf6 20. Rxc8+
Rxc8 21. Bxd2 d5 22. b7 Rb8 23. Rb1 Ba2 24. Rb5 Be5 25. exd5 Rd8 26. Bf3 Bb8
27. Rc5 Kf8 28. Rc8 Ke8 29. Ba5 1-0

[Event "2. Bundesliga Ost 2015/2016"]
[Site "Wien"]
[Date "2015.10.18"]
[Round "2"]
[Board "4"]
[White "Wiedner, Robert"]
[Black "Srienz, Christian"]
[Result "0-1"]
[WhiteElo "2197"]
[BlackElo "2219"]
[PlyCount "34"]
[EventDate "2015.10.17"]
[EventType "team"]
[EventRounds "11"]
[EventCountry "AUT"]
[WhiteTeam "ASVOE Mattersburg"]
[BlackTeam "tschaturanga"]

1. Nf3 Nf6 2. c4 e6 3. d4 c5 4. g3 cxd4 5. Nxd4 d5 6. cxd5 Qxd5 7. Qc2 Nc6 8.
Nf3 Nb4 9. Qd1 Qxd1+ 10. Kxd1 Bd7 11. Bd2 Ne4 12. Be1 O-O-O 13. Kc1 Kb8 14. Ne5
Ba4 15. Nc3 Nxc3 16. bxc3 Nc2 17. Nxf7 Ba3+ 0-1

[Event "2. Bundesliga Ost 2015/2016"]
[Site "Wien"]
[Date "2015.10.18"]
[Round "2"]
[Board "5"]
[White "Leitner, Gerald"]
[Black "Salamon, Werner"]
[Result "0-1"]
[WhiteElo "2216"]
[BlackElo "2130"]
[PlyCount "89"]
[EventDate "2015.10.17"]
[EventType "team"]
[EventRounds "11"]
[EventCountry "AUT"]
[WhiteTeam "tschaturanga"]
[BlackTeam "ASVOE Mattersburg"]

1. c4 e6 2. d4 Nf6 3. Nc3 c5 4. d5 exd5 5. cxd5 d6 6. Nf3 g6 7. Nd2 Bg7 8. e4
O-O 9. Be2 Re8 10. O-O a6 11. a4 Nbd7 12. Ra3 Qc7 13. Qc2 Rb8 14. a5 b5 15.
axb6 Nxb6 16. Bxa6 Bxa6 17. Rxa6 Qb7 18. Ra3 Ng4 19. Nb5 Qd7 20. Ra5 Nxd5 21.
exd5 Rxb5 22. Rxb5 Qxb5 23. Nc4 Qa6 24. Bf4 Ne5 25. Bxe5 Bxe5 26. f4 Bd4+ 27.
Kh1 f5 28. h3 Bxb2 29. Rb1 Bd4 30. Kh2 Kg7 31. Rb6 Qa1 32. Rb7+ Kh6 33. Rb1 Qa6
34. Rb6 Qa1 35. Rb1 Qa6 36. g4 Re4 37. gxf5 Rxf4 38. Kg3 Rxf5 39. h4 Be5+ 40.
Kg2 Rf4 41. Nxe5 dxe5 42. Rd1 Qd6 43. Kg3 Qf6 44. Rh1 Rd4 45. Kg2 0-1

[Event "2. Bundesliga Ost 2015/2016"]
[Site "Wien"]
[Date "2015.10.18"]
[Round "2"]
[Board "6"]
[White "Strodl, Joachim"]
[Black "Morgunov, Marc"]
[Result "1-0"]
[WhiteElo "2120"]
[BlackElo "1886"]
[PlyCount "115"]
[EventDate "2015.10.17"]
[EventType "team"]
[EventRounds "11"]
[EventCountry "AUT"]
[WhiteTeam "ASVOE Mattersburg"]
[BlackTeam "tschaturanga"]

1. Nf3 d5 2. g3 Nf6 3. Bg2 e6 4. O-O Be7 5. c4 O-O 6. Qc2 c6 7. d3 Nbd7 8. a3
b6 9. Re1 Bb7 10. Nc3 Rc8 11. e4 c5 12. e5 Ne8 13. Qe2 Nc7 14. h4 h6 15. Bf4
Re8 16. Bh3 Nf8 17. Rad1 a6 18. a4 Qd7 19. b3 Qc6 20. Bg2 b5 21. axb5 axb5 22.
Nh2 Qb6 23. Qg4 Kh7 24. cxd5 exd5 25. h5 Qe6 26. Qe2 b4 27. Na4 Ba6 28. Qc2 Qf5
29. Bf3 Qd7 30. Nb6 Qc6 31. Nxc8 Rxc8 32. d4+ Kg8 33. dxc5 Bxc5 34. Be3 Nfe6
35. Rc1 Nb5 36. Ng4 Nc3 37. Qd2 Qb6 38. Bxc5 Nxc5 39. Qe3 Qd8 40. Ra1 d4 41.
Qf4 Nd3 42. Qf5 Nxe1 43. Rxe1 d3 44. e6 Rc7 45. exf7+ Rxf7 46. Nxh6+ gxh6 47.
Qg6+ Kf8 48. Qxh6+ Kg8 49. Re6 Rg7 50. Rxa6 d2 51. Rd6 Qf8 52. Qe6+ Qf7 53.
Rd8+ Kh7 54. Be4+ Nxe4 55. Qxe4+ Kh6 56. Rd6+ Kg5 57. Qh4+ Kf5 58. Qf4# 1-0

[Event "2. Bundesliga Ost 2015/2016"]
[Site "Wien"]
[Date "2015.10.18"]
[Round "2"]
[Board "1"]
[White "Biolek, Richard Jr."]
[Black "Pacher, Milan"]
[Result "0-1"]
[WhiteElo "2445"]
[BlackElo "2471"]
[PlyCount "50"]
[EventDate "2015.10.17"]
[EventType "team"]
[EventRounds "11"]
[EventCountry "AUT"]
[WhiteTeam "SK Purbach"]
[BlackTeam "SK Austria"]

1. e4 e5 2. Nf3 Nc6 3. Bc4 Nf6 4. d3 Be7 5. O-O O-O 6. Re1 d6 7. a4 Kh8 8. Nc3
Bg4 9. h3 Bh5 10. Be3 Qd7 11. Kh2 Nd4 12. Bxd4 exd4 13. Nd5 Nxd5 14. exd5 f5
15. Bb5 Qd8 16. a5 Bf6 17. Qd2 g5 18. Ng1 Be5+ 19. Kh1 g4 20. c3 gxh3 21. Nxh3
Qh4 22. cxd4 Qxh3+ 23. gxh3 Bf3+ 24. Kg1 Rg8+ 25. Kf1 Bh2 0-1

[Event "2. Bundesliga Ost 2015/2016"]
[Site "Wien"]
[Date "2015.10.18"]
[Round "2"]
[Board "2"]
[White "Hangweyrer, Manfred"]
[Black "Stohl, Igor"]
[Result "1/2-1/2"]
[WhiteElo "2390"]
[BlackElo "2485"]
[PlyCount "31"]
[EventDate "2015.10.17"]
[EventType "team"]
[EventRounds "11"]
[EventCountry "AUT"]
[WhiteTeam "SK Austria"]
[BlackTeam "SK Purbach"]

1. e4 c5 2. Nf3 d6 3. Bb5+ Nd7 4. O-O a6 5. Bd3 Ngf6 6. Re1 b5 7. c3 Bb7 8. Bc2
Rc8 9. a4 b4 10. cxb4 cxb4 11. d3 Qc7 12. Bb3 Nc5 13. Bg5 Nfd7 14. d4 Nxe4 15.
Nbd2 Ndf6 16. Nxe4 1/2-1/2

[Event "2. Bundesliga Ost 2015/2016"]
[Site "Wien"]
[Date "2015.10.18"]
[Round "2"]
[Board "3"]
[White "Kummer, Helmut"]
[Black "Plachetka, Jan"]
[Result "1-0"]
[WhiteElo "2295"]
[BlackElo "2373"]
[PlyCount "73"]
[EventDate "2015.10.17"]
[EventType "team"]
[EventRounds "11"]
[EventCountry "AUT"]
[WhiteTeam "SK Purbach"]
[BlackTeam "SK Austria"]

1. d4 Nf6 2. c4 c5 3. d5 b5 4. cxb5 a6 5. e3 g6 6. Nc3 Bg7 7. a4 O-O 8. Ra3 e6
9. Nf3 Bb7 10. dxe6 fxe6 11. Be2 d5 12. O-O axb5 13. axb5 Nbd7 14. Rxa8 Bxa8
15. Ng5 Qe7 16. f4 e5 17. e4 d4 18. Bc4+ Kh8 19. fxe5 Nxe5 20. Nd5 Nxd5 21.
Bxd5 Rxf1+ 22. Qxf1 Bxd5 23. exd5 Qd7 24. Bf4 Kg8 25. d6 h6 26. Ne4 d3 27. Bxh6
c4 28. b6 Ng4 29. Bxg7 Qxg7 30. h3 Qd4+ 31. Kh1 Ne3 32. Qf2 Qxe4 33. d7 Qe7 34.
b7 Qd6 35. Qxe3 Kg7 36. d8=Q Qxd8 37. Qe5+ 1-0

[Event "2. Bundesliga Ost 2015/2016"]
[Site "Wien"]
[Date "2015.10.18"]
[Round "2"]
[Board "4"]
[White "Druckenthaner, Andreas"]
[Black "Wiedermann, Daniel"]
[Result "1/2-1/2"]
[WhiteElo "2314"]
[BlackElo "2135"]
[PlyCount "139"]
[EventDate "2015.10.17"]
[EventType "team"]
[EventRounds "11"]
[EventCountry "AUT"]
[WhiteTeam "SK Austria"]
[BlackTeam "SK Purbach"]

1. e4 c6 2. d4 d5 3. Nc3 dxe4 4. Nxe4 Bf5 5. Ng3 Bg6 6. h4 h6 7. Nf3 Nd7 8. Bd3
Bxd3 9. Qxd3 e6 10. Bf4 Qa5+ 11. c3 Ngf6 12. Ne4 Nxe4 13. Qxe4 Nf6 14. Qe5 Qa6
15. Qe2 Qxe2+ 16. Kxe2 Rd8 17. Rad1 Be7 18. Ne5 O-O 19. Nc4 Rd7 20. Be5 Rfd8
21. f3 Nh7 22. g4 Nf8 23. Bg3 Rd5 24. b4 Ng6 25. h5 Nf8 26. a4 Nh7 27. Rb1 Nf6
28. Bh4 Kf8 29. Bxf6 gxf6 30. f4 Kg7 31. Ne3 R5d7 32. Kf3 b6 33. Rhd1 c5 34.
dxc5 bxc5 35. Rxd7 Rxd7 36. Ke4 cxb4 37. cxb4 Rb7 38. b5 Bd8 39. Nc4 Rc7 40.
Kd4 Rd7+ 41. Kc3 Bc7 42. Rf1 Rd5 43. Ne3 Rc5+ 44. Kb4 Bd6 45. Kb3 Bc7 46. Kb4
Bd6 47. Nc4 Be7 48. Kc3 Bd6 49. a5 Kf8 50. b6 axb6 51. axb6 Ke7 52. f5 Rb5 53.
Ra1 Be5+ 54. Nxe5 fxe5 55. Ra7+ Kf6 56. fxe6 Rxb6 57. exf7 Kg7 58. Re7 Kf8 59.
Rxe5 Kxf7 60. Kd3 Rb4 61. Re4 Rb3+ 62. Kc4 Ra3 63. Rf4+ Ke6 64. Kd4 Ra4+ 65.
Ke3 Rxf4 66. Kxf4 Kf6 67. Kg3 Kg5 68. Kf3 Kf6 69. Kf4 Ke6 70. g5 1/2-1/2

[Event "2. Bundesliga Ost 2015/2016"]
[Site "Wien"]
[Date "2015.10.18"]
[Round "2"]
[Board "5"]
[White "Zimmermann, Heinz"]
[Black "Higatsberger, Michael"]
[Result "1/2-1/2"]
[WhiteElo "2179"]
[BlackElo "2148"]
[PlyCount "105"]
[EventDate "2015.10.17"]
[EventType "team"]
[EventRounds "11"]
[EventCountry "AUT"]
[WhiteTeam "SK Purbach"]
[BlackTeam "SK Austria"]

1. Nf3 d5 2. b3 Nf6 3. Bb2 Bf5 4. g3 e6 5. Bg2 Nbd7 6. O-O Be7 7. d3 O-O 8.
Nbd2 c6 9. Qe1 h6 10. e4 dxe4 11. Nxe4 Nxe4 12. dxe4 Bg6 13. Ne5 Nxe5 14. Bxe5
Qb6 15. Qc3 Bb4 16. Qc4 Qc5 17. Qxc5 Bxc5 18. Rad1 f6 19. Bd6 Bxd6 20. Rxd6
Rad8 21. Rfd1 Rxd6 22. Rxd6 e5 23. f3 Rf7 24. Bh3 Rc7 25. c4 Kf8 26. c5 Ke7 27.
b4 Be8 28. Be6 Bf7 29. Bxf7 Kxf7 30. Rd8 Ke7 31. Rb8 Rd7 32. Kf2 Kf7 33. Ke3 h5
34. f4 h4 35. gxh4 exf4+ 36. Kxf4 g6 37. Kg4 Re7 38. Kf4 Rd7 39. a3 a6 40. Ke3
Re7 41. Kf4 Rd7 42. e5 Rd4+ 43. Kf3 fxe5 44. Rxb7+ Ke6 45. Rb6 Kd5 46. Rxa6
Rxh4 47. Kg3 Rc4 48. Ra8 Rc3+ 49. Kg4 e4 50. Rd8+ Kc4 51. Rd6 Rxa3 52. Rxc6
Kxb4 53. Rxg6 1/2-1/2

[Event "2. Bundesliga Ost 2015/2016"]
[Site "Wien"]
[Date "2015.10.18"]
[Round "2"]
[Board "6"]
[White "Rogetzer, Klaus"]
[Black "Heiny, Michael"]
[Result "1-0"]
[WhiteElo "2084"]
[BlackElo "2046"]
[PlyCount "71"]
[EventDate "2015.10.17"]
[EventType "team"]
[EventRounds "11"]
[EventCountry "AUT"]
[WhiteTeam "SK Austria"]
[BlackTeam "SK Purbach"]

1. d4 Nf6 2. c4 g6 3. Nc3 Bg7 4. e4 d6 5. Nf3 O-O 6. h3 e5 7. d5 Nbd7 8. Bg5 h6
9. Be3 Nc5 10. Nd2 a5 11. g4 c6 12. Qc2 Bd7 13. Be2 Rb8 14. g5 hxg5 15. Bxg5
Qc8 16. Nb3 cxd5 17. Nxd5 Nxd5 18. cxd5 f6 19. Be3 b6 20. Rg1 Kf7 21. Bg4 f5
22. exf5 Bxf5 23. Bxf5 Qxf5 24. Qxf5+ gxf5 25. Ke2 Rh8 26. Rg5 f4 27. Bxc5 bxc5
28. Rb1 a4 29. Nd2 Rxh3 30. Nc4 Bf8 31. Rbg1 Rb4 32. Rf5+ Ke7 33. Rg6 Rh6 34.
Rg8 Rxc4 35. Rgxf8 Rh5 36. R5f7# 1-0

[Event "2. Bundesliga Ost 2015/2016"]
[Site "Wien"]
[Date "2015.10.18"]
[Round "2"]
[Board "1"]
[White "Videki, Sandor"]
[Black "Zilka, Stepan"]
[Result "1/2-1/2"]
[WhiteElo "2400"]
[BlackElo "2520"]
[PlyCount "74"]
[EventDate "2015.10.17"]
[EventType "team"]
[EventRounds "11"]
[EventCountry "AUT"]
[WhiteTeam "SC Data Technology Pressbaum/E."]
[BlackTeam "Blackburne Nickelsdorf"]

1. d4 Nf6 2. c4 e6 3. g3 d5 4. Bg2 dxc4 5. Qa4+ Bd7 6. Qxc4 Bc6 7. Nf3 Be7 8.
Nc3 O-O 9. O-O Nbd7 10. Qd3 Rb8 11. Rd1 b5 12. Ne5 Bxg2 13. Kxg2 Rb6 14. Bf4
Qa8+ 15. f3 Rd8 16. Nxb5 Nxe5 17. Bxe5 c6 18. Na3 Rxb2 19. Nc4 Rb5 20. a4 Rb4
21. Bc7 Rc8 22. Ba5 Rbb8 23. e4 Qb7 24. Ne3 Qb2+ 25. Qd2 c5 26. d5 exd5 27.
exd5 c4 28. Rac1 Bc5 29. Nxc4 Qxd2+ 30. Bxd2 Nxd5 31. Ba5 Nb6 32. Nxb6 axb6 33.
Be1 Ra8 34. Bf2 Rxa4 35. Bxc5 bxc5 36. Rxc5 Ra2+ 37. Kh3 Raa8 1/2-1/2

[Event "2. Bundesliga Ost 2015/2016"]
[Site "Wien"]
[Date "2015.10.18"]
[Round "2"]
[Board "2"]
[White "Schwarhofer, Christopher"]
[Black "Rumpl, Erwin"]
[Result "1-0"]
[WhiteElo "2378"]
[BlackElo "2334"]
[PlyCount "53"]
[EventDate "2015.10.17"]
[EventType "team"]
[EventRounds "11"]
[EventCountry "AUT"]
[WhiteTeam "Blackburne Nickelsdorf"]
[BlackTeam "SC Data Technology Pressbaum/E."]

1. e4 e6 2. d4 d5 3. Nd2 dxe4 4. Nxe4 Bd7 5. Nf3 Bc6 6. Bd3 Nd7 7. c4 Ngf6 8.
Nc3 Be7 9. O-O O-O 10. Bc2 b6 11. Re1 Bb7 12. Qd3 Re8 13. Bf4 Rc8 14. Rad1 g6
15. d5 exd5 16. cxd5 Nh5 17. Bh6 Bf8 18. Bg5 Be7 19. h4 f6 20. Bh6 Bd6 21. g4
Ng7 22. h5 Nf8 23. Ne4 f5 24. Qc3 Re7 25. Nf6+ Kh8 26. Rxe7 Bxe7 27. Ne8 1-0

[Event "2. Bundesliga Ost 2015/2016"]
[Site "Wien"]
[Date "2015.10.18"]
[Round "2"]
[Board "3"]
[White "Neumeier, Klaus"]
[Black "Lendwai, Reinhard"]
[Result "1/2-1/2"]
[WhiteElo "2284"]
[BlackElo "2360"]
[PlyCount "30"]
[EventDate "2015.10.17"]
[EventType "team"]
[EventRounds "11"]
[EventCountry "AUT"]
[WhiteTeam "SC Data Technology Pressbaum/E."]
[BlackTeam "Blackburne Nickelsdorf"]

1. Nf3 d5 2. c4 e6 3. g3 Nf6 4. Bg2 Be7 5. O-O O-O 6. b3 c5 7. Bb2 Nc6 8. e3 b6
9. Nc3 Bb7 10. cxd5 exd5 11. d4 Rc8 12. Bh3 Rb8 13. Bg2 Rc8 14. Bh3 Rb8 15. Bg2
Rc8 1/2-1/2

[Event "2. Bundesliga Ost 2015/2016"]
[Site "Wien"]
[Date "2015.10.18"]
[Round "2"]
[Board "4"]
[White "Pinter, Erik"]
[Black "Weissenbeck, Manuel"]
[Result "1/2-1/2"]
[WhiteElo "2370"]
[BlackElo "2246"]
[PlyCount "89"]
[EventDate "2015.10.17"]
[EventType "team"]
[EventRounds "11"]
[EventCountry "AUT"]
[WhiteTeam "Blackburne Nickelsdorf"]
[BlackTeam "SC Data Technology Pressbaum/E."]

1. e4 c5 2. Ne2 Nc6 3. d4 cxd4 4. Nxd4 Nf6 5. Nc3 d6 6. Bg5 e6 7. Qd2 Be7 8.
O-O-O a6 9. f4 Bd7 10. Nf3 Qc7 11. e5 dxe5 12. fxe5 Nd5 13. Nxd5 exd5 14. Bxe7
Nxe7 15. Bd3 h6 16. Rhe1 Nc6 17. Qf4 Be6 18. Nd4 Nxd4 19. Qxd4 Qa5 20. Kb1 Rc8
21. Rf1 Qc5 22. Rf4 Qxd4 23. Rxd4 Ke7 24. Rb4 Rc7 25. c3 Rd8 26. Bc2 b5 27. a4
Rc4 28. Rd4 Rxb4 29. Rxb4 Bd7 30. Bd3 Rb8 31. axb5 axb5 32. b3 Bc6 33. c4 dxc4
34. bxc4 Bxg2 35. cxb5 Ke6 36. Kc2 Kxe5 37. Rg4 Bd5 38. Rxg7 f5 39. Re7+ Kf6
40. Rh7 Be4 41. Bxe4 fxe4 42. Rxh6+ Kg5 43. Re6 Kf5 44. Rh6 Kg5 45. Re6 1/2-1/2

[Event "2. Bundesliga Ost 2015/2016"]
[Site "Wien"]
[Date "2015.10.18"]
[Round "2"]
[Board "5"]
[White "Lucaci, Marius"]
[Black "Vlcek, Stanislav"]
[Result "0-1"]
[WhiteElo "2146"]
[BlackElo "2286"]
[PlyCount "67"]
[EventDate "2015.10.17"]
[EventType "team"]
[EventRounds "11"]
[EventCountry "AUT"]
[WhiteTeam "SC Data Technology Pressbaum/E."]
[BlackTeam "Blackburne Nickelsdorf"]

1. e4 c5 2. Nf3 d6 3. d4 cxd4 4. Nxd4 Nf6 5. Nc3 a6 6. Be2 e6 7. O-O Be7 8. Be3
O-O 9. f4 Nc6 10. Kh1 Bd7 11. Qe1 b5 12. a3 Nxd4 13. Bxd4 Bc6 14. Qg3 g6 15.
Bd3 Qd7 16. Rad1 Qb7 17. Rfe1 Rad8 18. f5 e5 19. Be3 Kh8 20. fxg6 Rg8 21. Bg5
Rxg6 22. Bxf6+ Bxf6 23. Qf3 Rf8 24. Rf1 Bg5 25. Nd5 f5 26. Qh5 f4 27. Be2 Qg7
28. Qf3 Bh4 29. Rd3 Rg8 30. Rg1 Bg3 31. h3 Bh4 32. Bf1 Bd7 33. Qe2 Bg4 34. Qd2
 0-1

[Event "2. Bundesliga Ost 2015/2016"]
[Site "Wien"]
[Date "2015.10.18"]
[Round "2"]
[Board "6"]
[White "Koffler, Daniel"]
[Black "Schmidrathner, Christian"]
[Result "0-1"]
[WhiteElo "2173"]
[BlackElo "2078"]
[PlyCount "66"]
[EventDate "2015.10.17"]
[EventType "team"]
[EventRounds "11"]
[EventCountry "AUT"]
[WhiteTeam "Blackburne Nickelsdorf"]
[BlackTeam "SC Data Technology Pressbaum/E."]

1. d4 Nf6 2. c4 g6 3. Nc3 Bg7 4. e4 d6 5. f3 O-O 6. Be3 Nc6 7. Qd2 a6 8. Nge2
Rb8 9. Rc1 Bd7 10. Nd1 b5 11. cxb5 axb5 12. Rc2 Kh8 13. b3 Ng8 14. g4 f5 15.
gxf5 gxf5 16. exf5 Rxf5 17. Bh3 Rf6 18. Nf2 Rxf3 19. Bg2 Rxe3 20. Qxe3 Nb4 21.
Rd2 Bh6 22. Qc3 Bxd2+ 23. Kxd2 e6 24. d5+ e5 25. h4 Nxa2 26. Qb2 Ra8 27. Nd3
Bf5 28. Nef4 Qf6 29. Ne6 Bxd3 30. Kxd3 Nb4+ 31. Kc3 e4+ 32. Nd4 Ra2 33. Qb1
Nxd5# 0-1

[Event "2. Bundesliga Ost 2015/2016"]
[Site "Wien"]
[Date "2015.10.18"]
[Round "2"]
[Board "1"]
[White "Weinzettl, Ernst"]
[Black "Smolen, Jan"]
[Result "1/2-1/2"]
[WhiteElo "2299"]
[BlackElo "2437"]
[PlyCount "83"]
[EventDate "2015.10.17"]
[EventType "team"]
[EventRounds "11"]
[EventCountry "AUT"]
[WhiteTeam "ASVOE VHS Poechlarn"]
[BlackTeam "ASVOE Pamhagen"]

1. e4 c6 2. d4 d5 3. exd5 cxd5 4. c4 Nf6 5. Nc3 e6 6. Nf3 Bb4 7. cxd5 Nxd5 8.
Bd2 Nc6 9. Bd3 O-O 10. O-O Be7 11. a3 Bf6 12. Qc2 h6 13. Rad1 Bd7 14. Be3 Rc8
15. Qe2 Nxc3 16. bxc3 Qa5 17. Bd2 Rfd8 18. Qe4 Qf5 19. Qe2 Qh5 20. Rb1 e5 21.
d5 Ne7 22. Rxb7 e4 23. Bxe4 Nxd5 24. c4 Nb6 25. Be3 Be6 26. Bxb6 Bxc4 27. Qe3
axb6 28. Re1 b5 29. h3 Qc5 30. Qf4 Bc3 31. Re3 Qxa3 32. Bf5 Ra8 33. Kh2 Qa1 34.
Ne5 Bxe5 35. Rxe5 Re8 36. Rxe8+ Rxe8 37. Rb8 Qe1 38. Be4 Qxe4 39. Qxe4 Rxb8 40.
Qe5 Rc8 41. Qe7 Kh7 42. h4 1/2-1/2

[Event "2. Bundesliga Ost 2015/2016"]
[Site "Wien"]
[Date "2015.10.18"]
[Round "2"]
[Board "2"]
[White "Lipka, Juraj"]
[Black "Loeffler, Stefan"]
[Result "1-0"]
[WhiteElo "2411"]
[BlackElo "2386"]
[PlyCount "65"]
[EventDate "2015.10.17"]
[EventType "team"]
[EventRounds "11"]
[EventCountry "AUT"]
[WhiteTeam "ASVOE Pamhagen"]
[BlackTeam "ASVOE VHS Poechlarn"]

1. d4 Nf6 2. Nf3 g6 3. Bg5 Bg7 4. Nbd2 d5 5. e3 O-O 6. Be2 c5 7. c3 Qb6 8. Qb3
Nc6 9. O-O Bf5 10. dxc5 Qxc5 11. Nd4 Rfc8 12. Qxb7 Rab8 13. Qa6 Ne4 14. N2b3
Qd6 15. Bh4 Nxd4 16. exd4 Qxa6 17. Bxa6 Rc6 18. Be2 Re6 19. Bf3 a5 20. g4 a4
21. gxf5 gxf5 22. Bxe4 Rxe4 23. Bg3 Rg4 24. h3 Rg6 25. Kh2 e5 26. Nc5 f4 27.
Bh4 exd4 28. cxd4 Bxd4 29. Nxa4 Be5 30. Rad1 Rb4 31. b3 f3+ 32. Bg3 Re4 33. Rg1
 1-0

[Event "2. Bundesliga Ost 2015/2016"]
[Site "Wien"]
[Date "2015.10.18"]
[Round "2"]
[Board "3"]
[White "Ganaus, Hannes"]
[Black "Maslik, Miroslav"]
[Result "0-1"]
[WhiteElo "2279"]
[BlackElo "2333"]
[PlyCount "104"]
[EventDate "2015.10.17"]
[EventType "team"]
[EventRounds "11"]
[EventCountry "AUT"]
[WhiteTeam "ASVOE VHS Poechlarn"]
[BlackTeam "ASVOE Pamhagen"]

1. d4 f5 2. Nf3 Nf6 3. h3 d6 4. Bf4 g6 5. e3 Bg7 6. Bc4 e6 7. g4 Qe7 8. gxf5
exf5 9. Nbd2 Be6 10. Qe2 Nbd7 11. O-O-O O-O-O 12. Kb1 h6 13. Bh2 g5 14. Bd3 Ne4
15. c4 Bf7 16. Ne1 Rhe8 17. Nb3 f4 18. Nc2 fxe3 19. Qxe3 Ndf6 20. d5 Kb8 21.
Ncd4 Qd7 22. Ne6 Bxe6 23. dxe6 Rxe6 24. Qf3 Qa4 25. Nd4 Ree8 26. Nf5 Bh8 27.
Nxh6 Qb4 28. Nf7 Nd2+ 29. Rxd2 Qxd2 30. Nxd8 Ne4 31. Bc2 Qd4 32. Qa3 Nd2+ 33.
Kc1 Nxc4 34. Qb4 Rxd8 35. Rd1 Qxf2 36. Qxc4 Qxh2 37. Qb3 Re8 38. Rf1 Qe2 39.
Bd3 Qe3+ 40. Kb1 Qxh3 41. Rc1 Qg2 42. Bb5 Qe4+ 43. Rc2 Rf8 44. a3 Qd4 45. Ka2
Qb6 46. Qd5 Be5 47. Bd7 a6 48. Qg2 Qd4 49. Qxg5 Qd5+ 50. Kb1 Rf1+ 51. Rc1 Qe4+
52. Ka2 Qe2 0-1

[Event "2. Bundesliga Ost 2015/2016"]
[Site "Wien"]
[Date "2015.10.18"]
[Round "2"]
[Board "4"]
[White "Vitouch, Anatol"]
[Black "Wilke, Werner"]
[Result "1-0"]
[WhiteElo "2254"]
[BlackElo "2260"]
[PlyCount "93"]
[EventDate "2015.10.17"]
[EventType "team"]
[EventRounds "11"]
[EventCountry "AUT"]
[WhiteTeam "ASVOE Pamhagen"]
[BlackTeam "ASVOE VHS Poechlarn"]

1. c4 e5 2. g3 Nf6 3. Bg2 c6 4. d4 exd4 5. Qxd4 d5 6. Nf3 Be7 7. cxd5 cxd5 8.
O-O O-O 9. Nc3 Nc6 10. Qa4 Be6 11. Be3 a6 12. Rad1 b5 13. Qc2 Rc8 14. Qb1 Qa5
15. Rc1 b4 16. Nd1 d4 17. Nxd4 Nxd4 18. Bxd4 Bxa2 19. Qa1 Rxc1 20. Qxc1 Bd5 21.
Qg5 h6 22. Qf5 Bd8 23. Bxf6 Bxg2 24. Qxa5 Bxa5 25. Kxg2 gxf6 26. Ne3 Rc8 27.
Ra1 Rc5 28. b3 Bc7 29. Rxa6 Be5 30. Rb6 Bc3 31. Nc2 Re5 32. e3 Rd5 33. Nxb4 Rd2
34. Kf3 Kg7 35. Rb5 Rb2 36. Nd3 Rb1 37. Ke4 Rd1 38. Rc5 Bd2 39. b4 Rb1 40. b5
Ba5 41. Rf5 Ra1 42. Nf4 Bc3 43. Kd5 Be5 44. Nd3 Rb1 45. Kc6 Kg6 46. e4 Bd4 47.
Nc5 1-0